[Event "Thailand op 11th"]
[Site "Pattaya"]
[Date "2011.04.11"]
[Round "1"]
[White "Au, Hubert"]
[Black "Neubronner, Jarred Jason"]
[Result "0-1"]
[WhiteElo "1891"]
[BlackElo "2262"]
[PlyCount "54"]
[EventDate "2011.04.11"]
[EventType "swiss"]
[EventRounds "9"]
[EventCountry "THA"]
[SourceTitle "CBM 141 Extra"]
[Source "ChessBase"]
[SourceDate "2011.05.03"]
[SourceVersion "1"]
[SourceVersionDate "2011.05.03"]
[SourceQuality "1"]

1. e4 c5 2. Nf3 e6 3. d4 cxd4 4. Nxd4 a6 5. Nc3 Qc7 6. Bd3 Nc6 7. Nxc6 dxc6 8. 0-0 Nf6 9. Be3 b5 10. f4 e5 11. f5 Bb7 12. Bg5 h5 13. Bxf6 gxf6 14. Qf3 Bc5+ 15. Kh1 Ke7 16. Rad1 h4 17. Rd2 Rag8 18. Nd1 Qa5 19. c3 Qxa2 20. Nf2 b4 21. Qd1 Rd8 22. Bb1 Qa5 23. Rxd8 Rxd8 24. Qc1 bxc3 25. bxc3 Bxf2 26. Rxf2 Qxc3 27. Rc2 Qd3 0-1

[Event "Vlissingen HZ op 13th"]
[Site "Vlissingen"]
[Date "2009.08.01"]
[Round "1"]
[White "Au, Hubert"]
[Black "Bitalzadeh, Ali"]
[Result "0-1"]
[WhiteElo "1910"]
[BlackElo "2434"]
[PlyCount "58"]
[EventDate "2009.08.01"]
[EventType "swiss"]
[EventRounds "9"]
[EventCountry "NED"]
[SourceTitle "CBM 131 Extra"]
[Source "ChessBase"]
[SourceDate "2009.09.03"]
[SourceVersion "2"]
[SourceVersionDate "2009.09.16"]
[SourceQuality "1"]

1. e4 c5 2. d4 cxd4 3. c3 dxc3 4. Nxc3 e6 5. Nf3 a6 6. Bc4 b5 7. Bb3 Bb7 8. Qe2 d6 9. 0-0 Nd7 10. Rd1 Ngf6 11. Bg5 Be7 12. Bxf6 gxf6 13. Rac1 Rc8 14. a3 0-0 15. Nd4 Nc5 16. Ba2 Qb6 17. b4 Na4 18. Nxa4 bxa4 19. Qg4+ Kh8 20. Rxc8 Rxc8 21. Qh5 Bxe4 22. Qg4 f5 23. Qh5 Bf6 24. Ne2 Qc7 25. Qh6 Qe7 26. f3 Bg5 27. Qh5 Bc2 28. Rf1 Be3+ 29. Kh1 Bd3 0-1